000
00305nam a22001337a 4500
008
170825b xxu||||| |||| 00| 0 eng d
020
_a
0408005382
041
_a
eng
080
_a
070
100
_a
40
101
_a
MED
245
_a
RADIO SYSTEMS FOR TECHNICIANS
_c
DANIELSON.G.L
942
_2
udc
_c
BK
999
_c
25000
_d
25000